000 00280nam a2200097Ia 4500
008 220204s9999 xx 000 0 und d
082 _a058.7(540)1991
_bIND
245 0 _aIndia 1991: A reference annual
260 _aDelhi
_bMinistry of Information and Broadcasting
_c1991
942 _cBK
999 _c40390
_d40390